Girls Aloud Top 20 Streams - Statistics

General Stats
  • This quiz has been taken 105 times
    44 since last reset
  • The average score is 13 of 20
Answer Stats
Answer Streams % Correct
Sound of the Underground 56 million
94%
Jump 46 million
91%
Love Machine 57 million
91%
Biology 13 million
85%
The Promise 34 million
85%
I'll Stand By You 10.3 million
74%
Long Hot Summer 7.3 million
74%
Can't Speak French 11 million
71%
Call The Shots 18 million
68%
Sexy No No No 8 million
68%
The Show 6.7 million
68%
Untouchable 5.7 million
68%
No Good Advice 6.2 million
65%
Something New 19 million
59%
The Loving Kind 7.8 million
56%
Walk This Way 3 million
53%
On The Metro 10.5 million
50%
Something Kinda Ooooh 25 million
47%
I Think We're Alone Now 4.3 million
32%
Not Tonight Santa 9 million
15%
No matching quizzes found
Score Distribution
Percent of People with Each Score
Percentile by Number Answered
Your Score History
You have not taken this quiz since the last reset